| 000 | 00601cam a2200229 i 4500 | ||
|---|---|---|---|
| 001 | 1827535 | ||
| 005 | 20180315061837.0 | ||
| 008 | 801217r1981 nyua 000 0 eng | ||
| 010 | _a 80028339 | ||
| 020 |
_a0070546592 : _c$7.95 (est.) |
||
| 040 |
_aDLC _cDLC _dDLC |
||
| 041 | _aeng | ||
| 043 | _an-us--- | ||
| 080 | _a339 SAN | ||
| 082 | 0 | 0 |
_a339 SAN _219 |
| 100 | _a52 | ||
| 101 | _aMAK | ||
| 245 | 0 | 0 |
_aDRI readings in macroeconomics / _c[edited by] Allen R. Sanderson. |
| 740 | _aReadings in macroeconomics. | ||
| 906 |
_a7 _bcbc _corignew _du _eocip _f19 _gy-gencatlg |
||
| 942 |
_2ddc _cBK |
||
| 999 |
_c45120 _d45120 |
||